[Event "RSA-ch U10"]
[Site "Gauteng"]
[Date "2017.04.10"]
[Round "10"]
[White "Malan, Henco"]
[Black "Koning, Lehan"]
[Result "1-0"]
[WhiteElo "931"]
[BlackElo "958"]
[PlyCount "75"]
[EventDate "2017.04.05"]
[EventType "swiss"]
[EventRounds "11"]
[EventCountry "RSA"]
[SourceTitle "CBM 177 Extra"]
[Source "ChessBase"]
[SourceDate "2017.04.27"]
[SourceVersion "1"]
[SourceVersionDate "2017.04.27"]
[SourceQuality "1"]

1. d4 d5 2. Nf3 Nf6 3. Bf4 Bf5 4. e3 e6 5. Bd3 Bg4 6. Nbd2 Nbd7 7. c3 Be7 8. Qc2 h6 9. Ne5 Nxe5 10. Bxe5 Qd7 11. Nf3 Bxf3 12. gxf3 0-0 13. 0-0-0 b5 14. Rdg1 a6 15. Rg2 Bd6 16. Bxf6 Rfb8 17. Rxg7+ Kf8 18. Rh7 Ke8 19. Bg6 Qc6 20. Bxf7+ Kd7 21. Rxh6 Rf8 22. Qg6 Qc4 23. Bg5 Qxa2 24. Qxe6+ Kc6 25. Kc2 Qa4+ 26. Kd2 Qa2 27. Kc2 Qa4+ 28. Kb1 Qc4 29. Be7 Qd3+ 30. Kc1 Rad8 31. Qxd5+ Kb6 32. Bxf8 Rxf8 33. Rxd6+ cxd6 34. Qxd6+ Ka5 35. Qxf8 Qe2 36. Qd8+ Ka4 37. b3+ Ka3 38. Qa5# 1-0

[Event "RSA-ch U08"]
[Site "Bloemfontein"]
[Date "2016.03.23"]
[Round "7"]
[White "Stuurman, Liam"]
[Black "Malan, Henco"]
[Result "1-0"]
[WhiteElo "937"]
[BlackElo "813"]
[PlyCount "51"]
[EventDate "2016.03.20"]
[EventType "swiss"]
[EventRounds "11"]
[EventCountry "RSA"]
[SourceTitle "CBM 171 Extra"]
[Source "ChessBase"]
[SourceDate "2016.04.26"]
[SourceVersion "1"]
[SourceVersionDate "2016.04.26"]
[SourceQuality "1"]

1. e4 e5 2. Qh5 Nc6 3. Bc4 g6 4. Qf3 Nf6 5. Nc3 Nd4 6. Qd3 Bc5 7. Nf3 c6 8. Ng5 d5 9. exd5 cxd5 10. Bxd5 Nxd5 11. Nxd5 Qxd5 12. f3 Qd8 13. Ne4 Bb6 14. c3 Nc6 15. Qxd8+ Nxd8 16. b4 0-0 17. h4 Bf5 18. h5 Bxe4 19. fxe4 Nc6 20. hxg6 fxg6 21. Ba3 Rf2 22. Rf1 Rxg2 23. b5 Nd8 24. Rd1 a6 25. c4 Ne6 26. c5 1-0

[Event "RSA-ch U08"]
[Site "Bloemfontein"]
[Date "2016.03.20"]
[Round "1"]
[White "Geyser, Jacobus Marthinus"]
[Black "Malan, Henco"]
[Result "0-1"]
[WhiteElo "688"]
[BlackElo "813"]
[PlyCount "68"]
[EventDate "2016.03.20"]
[EventType "swiss"]
[EventRounds "11"]
[EventCountry "RSA"]
[SourceTitle "CBM 171 Extra"]
[Source "ChessBase"]
[SourceDate "2016.04.26"]
[SourceVersion "1"]
[SourceVersionDate "2016.04.26"]
[SourceQuality "1"]

1. e4 c5 2. Bc4 e6 3. c3 d6 4. d4 cxd4 5. cxd4 Nf6 6. Nf3 Be7 7. Nc3 Nc6 8. Bg5 h6 9. Bxf6 Bxf6 10. 0-0 0-0 11. Qd3 a6 12. Rfe1 b5 13. Bb3 Nb4 14. Qe3 Nc2 15. Qd3 Nxe1 16. Rxe1 b4 17. Nd1 a5 18. a3 Ba6 19. Qe3 bxa3 20. bxa3 Rc8 21. Nc3 Re8 22. e5 dxe5 23. dxe5 Be7 24. Rd1 Qc7 25. a4 Qxc3 26. Qxc3 Rxc3 27. Rb1 Rb8 28. h3 Bd3 29. Ne1 Bxb1 30. Bc2 Bxc2 31. Nxc2 Rxc2 32. Kh2 Bc5 33. g3 Rxf2+ 34. Kg1 Rb1# 0-1